[Event "BL 1314 SV Hockenheim - SK König Tegel"]
[Site "?"]
[Date "2014.02.08"]
[Round "7.2"]
[White "Lenic, Luka"]
[Black "Stern, Rene"]
[Result "1-0"]
[WhiteElo "2656"]
[BlackElo "2521"]
[PlyCount "85"]
[EventDate "2014.??.??"]

1. d4 d5 2. c4 e6 3. Nf3 Nf6 4. Nc3 Nbd7 5. Bf4 dxc4 6. e3 b5 7. Nxb5 Nd5 8.
Bg3 Bb4+ 9. Nd2 N7b6 10. Qc2 O-O 11. Be2 Ba6 12. Nc3 c5 13. dxc5 Bxc5 14. a3
Rc8 15. Nde4 Be7 16. Be5 f5 17. Nd2 Bf6 18. Bxf6 Qxf6 19. Rc1 Nxc3 20. Qxc3
Qxc3 21. Rxc3 Rfd8 22. Rc2 Kf7 23. h4 g6 24. e4 h6 25. Rh3 Rd4 26. Re3 Bb7 27.
Bf3 f4 28. Rec3 Ba6 29. Be2 Ke7 30. Rc1 Na4 31. R3c2 Nc5 32. f3 Rxd2 33. Kxd2
Nb3+ 34. Kc3 Nxc1 35. Rxc1 Rc5 36. a4 Rh5 37. b4 Rxh4 38. b5 Bc8 39. Bxc4 g5
40. Kd4 h5 41. a5 Rh2 42. Bf1 Kd8 43. a6 1-0

[Event "BL 1314 SV Hockenheim - SK König Tegel"]
[Site "?"]
[Date "2014.02.08"]
[Round "7.3"]
[White "Richter, Michael"]
[Black "Baramidze, David"]
[Result "1/2-1/2"]
[WhiteElo "2470"]
[BlackElo "2607"]
[PlyCount "130"]
[EventDate "2014.??.??"]

1. d4 d5 2. c4 e6 3. Nc3 Nf6 4. cxd5 exd5 5. Bg5 c6 6. e3 Bf5 7. Qf3 Bg6 8.
Bxf6 Qxf6 9. Qxf6 gxf6 10. Nf3 Nd7 11. Be2 Nb6 12. O-O Nc8 13. Nd2 Nd6 14. b4
Nc4 15. Nxc4 Bxb4 16. Nxd5 cxd5 17. a3 Be7 18. Nb2 Rc8 19. Nd3 Be4 20. Nf4 Bd6
21. Rfc1 Ke7 22. f3 Bxf4 23. exf4 Bc2 24. Kf2 Rc7 25. Ke3 Rhc8 26. Kd2 Kd6 27.
Ra2 Ba4 28. Rxc7 Rxc7 29. g4 f5 30. g5 Bd7 31. Ra1 Rc6 32. Rb1 Kc7 33. Bd3 Rb6
34. Rc1+ Kd6 35. Rb1 Rxb1 36. Bxb1 a5 37. Kc3 b6 38. Bc2 Ke7 39. Bb3 Ke6 40.
Kd2 Bb5 41. Bc2 Bf1 42. Ke1 Bc4 43. Kd2 Bb5 44. Ke3 Be8 45. Bd1 Kd6 46. Bc2 Bd7
47. Kd2 b5 48. Bd3 Ke7 49. Bc2 Kf8 50. Bb3 Be6 51. Ke3 Kg7 52. Kf2 Kg6 53. Kg3
a4 54. Ba2 Kh5 55. Kh3 f6 56. gxf6 Kg6 57. Kg3 Kxf6 58. Kf2 Kg6 59. Bb1 Kh5 60.
Kg3 Bd7 61. Ba2 Bc6 62. Kh3 Kg6 63. Kg3 Kh5 64. Kh3 Kg6 65. Kg3 Kh5 1/2-1/2

[Event "BL 1314 SV Hockenheim - SK König Tegel"]
[Site "?"]
[Date "2014.02.08"]
[Round "7.4"]
[White "Wagner, Dennis"]
[Black "Muse, Mladen"]
[Result "1-0"]
[WhiteElo "2457"]
[BlackElo "2415"]
[PlyCount "69"]
[EventDate "2014.??.??"]

1. d4 g6 2. c4 Bg7 3. e4 c5 4. d5 d6 5. h3 e6 6. Bd3 Ne7 7. Nf3 O-O 8. Nc3 a6
9. O-O exd5 10. exd5 Bf5 11. Bg5 Bxd3 12. Qxd3 h6 13. Bf4 Nc8 14. Rab1 Nd7 15.
Rfe1 b6 16. a3 Ra7 17. b4 Rc7 18. Rbc1 Nf6 19. bxc5 bxc5 20. Rb1 Re7 21. Rxe7
Nxe7 22. Qc2 Nf5 23. Qa4 Nh5 24. Bd2 Nd4 25. Nxd4 Bxd4 26. Ne2 Bg7 27. Qxa6 Re8
28. Nf4 Nf6 29. Qb5 g5 30. Nd3 Qc8 31. Bc3 Kh7 32. a4 Re2 33. Re1 Rxe1+ 34.
Nxe1 g4 35. Qb2 1-0

[Event "BL 1314 SV Hockenheim - SK König Tegel"]
[Site "?"]
[Date "2014.02.08"]
[Round "7.5"]
[White "Von Herman, Ulf"]
[Black "Ribli, Zoltan"]
[Result "1/2-1/2"]
[WhiteElo "2384"]
[BlackElo "2585"]
[PlyCount "52"]
[EventDate "2014.??.??"]

1. c4 e6 2. Nf3 Nf6 3. d4 d5 4. Bg5 dxc4 5. Qa4+ Nbd7 6. Nc3 a6 7. g3 Be7 8.
Bg2 b5 9. Nxb5 Nb6 10. Nxc7+ Kf8 11. Qc6 Rb8 12. Ne5 Bb7 13. Nxe6+ fxe6 14.
Qxe6 Bd5 15. Bxd5 Qxd5 16. Qxd5 Nfxd5 17. Bxe7+ Nxe7 18. e4 Ng6 19. Nc6 Rc8 20.
Na5 Kf7 21. O-O-O Rc7 22. Rhe1 Rb8 23. Rd2 c3 24. bxc3 Na4 25. Rc2 Nxc3 26. Kd2
Rbc8 1/2-1/2

[Event "BL 1314 SV Hockenheim - SK König Tegel"]
[Site "?"]
[Date "2014.02.08"]
[Round "7.6"]
[White "Banusz, Tamas"]
[Black "Sarbok, Torsten"]
[Result "1-0"]
[WhiteElo "2593"]
[BlackElo "2367"]
[PlyCount "113"]
[EventDate "2014.??.??"]

1. c4 e5 2. g3 Nf6 3. Bg2 Nc6 4. Nc3 Be7 5. Nf3 O-O 6. d4 d6 7. h3 Bd7 8. O-O
Re8 9. e4 Bf8 10. Bg5 exd4 11. Nxd4 h6 12. Be3 Nxd4 13. Bxd4 c5 14. Be3 Bc6 15.
Qc2 Qe7 16. Rfe1 a6 17. a4 Qe6 18. Qd3 Rad8 19. f3 Qc8 20. Bf2 Nd7 21. Rad1 Qc7
22. Qc2 Qa5 23. b3 Rb8 24. Ra1 g6 25. Red1 Bg7 26. Rac1 Bf8 27. Bf1 Ne5 28. Be2
Qc7 29. Rd2 Rbd8 30. Rcd1 Qb8 31. f4 Nd7 32. Bf1 Nf6 33. Bg2 Qc7 34. Re2 Nh5
35. Nd5 Bxd5 36. cxd5 b5 37. b4 c4 38. a5 Qb8 39. Bf3 Rd7 40. Bg4 Rdd8 41. Bb6
Rc8 42. Bxc8 Qxc8 43. Kh2 Bg7 44. Bd4 Bxd4 45. Rxd4 Ng7 46. Qc3 Re7 47. Rd1 Ne8
48. Rde1 h5 49. e5 Qf5 50. Qd4 Kh7 51. Re4 Rd7 52. g4 hxg4 53. hxg4 Qxg4 54. f5
dxe5 55. fxg6+ Qxg6 56. Rh4+ Kg8 57. Qxe5 1-0

[Event "BL 1314 SV Hockenheim - SK König Tegel"]
[Site "?"]
[Date "2014.02.08"]
[Round "7.7"]
[White "Muse, Drazen"]
[Black "Paehtz, Elisabeth"]
[Result "1-0"]
[WhiteElo "2414"]
[BlackElo "2459"]
[PlyCount "117"]
[EventDate "2014.??.??"]

1. d4 d6 2. e4 g6 3. Nc3 Bg7 4. f4 a6 5. Nf3 b5 6. Bd3 Nd7 7. e5 Nb6 8. O-O e6
9. a4 b4 10. Ne4 f5 11. exf6 Nxf6 12. Qe1 Nbd5 13. Bd2 Nxe4 14. Qxe4 O-O 15. c4
bxc3 16. bxc3 a5 17. Ng5 Qf6 18. Rae1 Nb6 19. Bb5 d5 20. Qe2 c6 21. Bxc6 Ra7
22. Bb5 Rc7 23. Qd3 Nc4 24. Bc1 h6 25. Nf3 Qf5 26. Qe2 Qh5 27. h3 g5 28. fxg5
hxg5 29. Nxg5 Qxe2 30. Rxf8+ Bxf8 31. Rxe2 Nd6 32. Nxe6 Nxb5 33. axb5 Re7 34.
Nf4 Rxe2 35. Nxe2 a4 36. Nf4 Bd7 37. b6 Bc6 38. Ne6 Bd6 39. Nc5 Bg3 40. Nd3 Kf8
41. Ne5 Bb7 42. h4 Kg7 43. h5 Bc8 44. Nd3 Ba6 45. Nc5 Bb5 46. Ne6+ Kh7 47. Ng5+
Kh8 48. h6 Ba6 49. Ba3 Bf4 50. Ne6 Bxh6 51. Nc5 Bb5 52. g3 Bf8 53. Ne4 Bc6 54.
Bxf8 dxe4 55. Kf2 Kg8 56. Bb4 Kf7 57. c4 Kf6 58. Ke3 Kf5 59. g4+ 1-0

[Event "BL 1314 SV Hockenheim - SK König Tegel"]
[Site "?"]
[Date "2014.02.08"]
[Round "7.8"]
[White "Rau, Hannes"]
[Black "Breier, Andreas"]
[Result "1/2-1/2"]
[WhiteElo "2461"]
[BlackElo "2384"]
[PlyCount "55"]
[EventDate "2014.??.??"]

1. d4 e6 2. c4 Bb4+ 3. Nc3 b6 4. Nf3 Bb7 5. g3 c5 6. Bg2 cxd4 7. Qxd4 Nf6 8.
O-O O-O 9. Rd1 Nc6 10. Qd3 Bc5 11. a3 Ng4 12. e3 Nce5 13. Nxe5 Nxe5 14. Qe2
Bxg2 15. Kxg2 Qc8 16. f4 Qc6+ 17. e4 Ng6 18. Qf3 Rfd8 19. b3 a6 20. e5 Qc7 21.
Bb2 Rab8 22. Ne4 Be7 23. Nd6 f6 24. Rd3 fxe5 25. fxe5 Rf8 26. Qe4 b5 27. Rc1
Qc5 28. Qd4 1/2-1/2

[Event "BL 1314 SV Mülheim Nord - Werder Bremen"]
[Site "?"]
[Date "2014.02.08"]
[Round "7.2"]
[White "Landa, Konstantin"]
[Black "Areshchenko, Alexander"]
[Result "1-0"]
[WhiteElo "2637"]
[BlackElo "2706"]
[PlyCount "119"]
[EventDate "2014.??.??"]

1. d4 Nf6 2. c4 g6 3. Nc3 d5 4. Nf3 Bg7 5. Bf4 O-O 6. Rc1 dxc4 7. e3 Be6 8. Ng5
Bd5 9. e4 h6 10. exd5 hxg5 11. Bxg5 Nxd5 12. Bxc4 Nb6 13. Bb3 Nc6 14. Ne2 Rc8
15. O-O Nxd4 16. Nxd4 Qxd4 17. Qf3 e6 18. Qxb7 Qxb2 19. Qxa7 Nd5 20. Qc5 c6 21.
h4 Qd4 22. Rfd1 Qxc5 23. Rxc5 Nc3 24. Rd7 Ne4 25. Rc2 Nxg5 26. hxg5 c5 27. a4
Rb8 28. Bc4 Rb1+ 29. Kh2 Ra8 30. Bb5 Bd4 31. g3 Ra1 32. Kg2 Kf8 33. Re2 Re8 34.
Re4 Re7 35. Rd8+ Kg7 36. Rh4 f5 37. Rdh8 Kf7 38. R4h7+ Bg7 39. Rc8 Ra2 40. Rxc5
Kg8 41. Rh4 Bf8 42. Rd4 Kg7 43. Rc8 Rf7 44. Rdd8 f4 45. Bc4 Rc2 46. Bxe6 Rxc8
47. Rxc8 f3+ 48. Kh3 Ra7 49. Bb3 Be7 50. Kg4 Ra5 51. Rg8+ Kh7 52. Re8 Rxg5+ 53.
Kxf3 Rf5+ 54. Ke4 Bb4 55. f4 Rc5 56. Re7+ Kh6 57. Bg8 g5 58. Rh7+ Kg6 59. f5+
Rxf5 60. Rb7 1-0

[Event "BL 1314 SV Mülheim Nord - Werder Bremen"]
[Site "?"]
[Date "2014.02.08"]
[Round "7.3"]
[White "Efimenko, Zahar"]
[Black "Fridman, Daniel"]
[Result "1/2-1/2"]
[WhiteElo "2655"]
[BlackElo "2607"]
[PlyCount "51"]
[EventDate "2014.??.??"]

1. e4 e6 2. d4 d5 3. Nd2 c5 4. Ngf3 cxd4 5. Nxd4 Nf6 6. exd5 Qxd5 7. Nb5 Na6 8.
c4 Qe5+ 9. Be2 Bd7 10. O-O Be7 11. Nf3 Qb8 12. Qd4 Bxb5 13. cxb5 Nb4 14. b6 O-O
15. bxa7 Rxa7 16. Qc4 Rc8 17. Qb3 Nfd5 18. Bd2 Nc6 19. Rac1 Bf6 20. a3 b6 21.
g3 h6 22. Bd3 Rac7 23. Qb5 Na7 24. Qb3 Nc6 25. Qb5 Na7 26. Qb3 1/2-1/2

[Event "BL 1314 SV Mülheim Nord - Werder Bremen"]
[Site "?"]
[Date "2014.02.08"]
[Round "7.4"]
[White "Tregubov, Pavel V"]
[Black "Edouard, Romain"]
[Result "1/2-1/2"]
[WhiteElo "2629"]
[BlackElo "2661"]
[PlyCount "99"]
[EventDate "2014.??.??"]

1. d4 e6 2. c4 d5 3. Nc3 c5 4. cxd5 exd5 5. Nf3 Nc6 6. dxc5 d4 7. Na4 Bxc5 8.
Nxc5 Qa5+ 9. Qd2 Qxc5 10. e3 dxe3 11. Qxe3+ Qxe3+ 12. Bxe3 Be6 13. Nd4 Nge7 14.
Nxe6 fxe6 15. Bc4 Nd5 16. Bd2 Kf7 17. O-O Nb6 18. Be2 Nd4 19. Bg4 Rad8 20. Rae1
h5 21. Bh3 Rd5 22. Re4 Re8 23. Bc3 Nb5 24. Bb4 Rd4 25. Rfe1 Rxe4 26. Rxe4 Nd5
27. Bd2 Nd6 28. Re2 Nf5 29. Kf1 Kf6 30. Re1 Rc8 31. Rc1 Rxc1+ 32. Bxc1 g5 33.
g3 Nd4 34. Bg2 Kf5 35. h3 g4 36. hxg4+ hxg4 37. Bh6 Nf3 38. Ke2 Ke4 39. a3 Nb6
40. Kd1 Nc4 41. Bc1 b5 42. Kc2 Kd4 43. Bxf3 gxf3 44. b3 Na5 45. Be3+ Kd5 46. g4
Nc6 47. g5 Ke5 48. Kd3 Kf5 49. Bd2 a6 50. Ke3 1/2-1/2

[Event "BL 1314 SV Mülheim Nord - Werder Bremen"]
[Site "?"]
[Date "2014.02.08"]
[Round "7.5"]
[White "Hracek, Zbynek"]
[Black "Berelowitsch, Alexander"]
[Result "1/2-1/2"]
[WhiteElo "2635"]
[BlackElo "2547"]
[PlyCount "126"]
[EventDate "2014.??.??"]

1. e4 e6 2. d4 d5 3. Nd2 c5 4. exd5 exd5 5. Ngf3 Nf6 6. Bb5+ Bd7 7. Bxd7+ Nbxd7
8. O-O Be7 9. dxc5 Nxc5 10. Re1 O-O 11. Nf1 Re8 12. Be3 Rc8 13. c3 a5 14. Bd4
Ne6 15. Be5 Ne4 16. Ng3 Qb6 17. Nxe4 dxe4 18. Rxe4 Qxb2 19. Rb1 Rcd8 20. Rxb2
Rxd1+ 21. Re1 Rxe1+ 22. Nxe1 f6 23. Bg3 Nc5 24. Kf1 Bf8 25. f3 Re3 26. c4 Ra3
27. Bf4 Ra4 28. Bd2 b6 29. Be3 Nd7 30. Nd3 Rxc4 31. Bxb6 Rc3 32. Ne1 Nxb6 33.
Rxb6 Bb4 34. Ke2 Rc1 35. Nd3 Rc2+ 36. Kf1 Be7 37. Rb2 Rxb2 38. Nxb2 Kf7 39. Ke2
Ke6 40. Kd3 Kd5 41. Nc4 Bd8 42. Ne3+ Kc5 43. h3 g6 44. Nc2 h5 45. Nd4 Kd5 46.
Nc2 h4 47. Ne3+ Kc5 48. Nc2 Bc7 49. Ne3 Be5 50. Nc2 Bf4 51. Nd4 Kd5 52. Nc2 Bh6
53. Nd4 Bf8 54. Nc2 Bc5 55. Ne1 Bf2 56. Nc2 Ke5 57. Na3 Kf4 58. Ke2 Bb6 59. Nc4
Bc7 60. Kf2 g5 61. Ke2 Kg3 62. Kf1 Kf4 63. Ke2 Kg3 1/2-1/2

[Event "BL 1314 SV Mülheim Nord - Werder Bremen"]
[Site "?"]
[Date "2014.02.08"]
[Round "7.6"]
[White "Hausrath, Daniel"]
[Black "Babula, Vlastimil"]
[Result "1/2-1/2"]
[WhiteElo "2518"]
[BlackElo "2585"]
[PlyCount "51"]
[EventDate "2014.??.??"]

1. Nf3 d5 2. g3 g6 3. Bg2 Bg7 4. d4 Nf6 5. O-O O-O 6. c4 c6 7. b3 Bf5 8. Bb2
Nbd7 9. Nbd2 Ne4 10. e3 a5 11. Nh4 Nxd2 12. Qxd2 Be6 13. f4 Nf6 14. f5 Bd7 15.
Qc2 a4 16. bxa4 Qa5 17. Ba3 Rfe8 18. fxg6 hxg6 19. cxd5 cxd5 20. Qf2 g5 21. Nf3
Ne4 22. Qb2 Qxa4 23. Bb4 Rac8 24. Ne5 Rc2 25. Qb3 Qxb3 26. axb3 1/2-1/2

[Event "BL 1314 SV Mülheim Nord - Werder Bremen"]
[Site "?"]
[Date "2014.02.08"]
[Round "7.7"]
[White "Bluebaum, Matthias"]
[Black "Feygin, Michael"]
[Result "1-0"]
[WhiteElo "2517"]
[BlackElo "2496"]
[PlyCount "73"]
[EventDate "2014.??.??"]

1. d4 Nf6 2. c4 g6 3. Nc3 Bg7 4. e4 d6 5. Nf3 O-O 6. Be2 c5 7. O-O cxd4 8. Nxd4
Nc6 9. Be3 Bd7 10. Nc2 Be6 11. f4 Qc8 12. h3 Na5 13. b3 b5 14. Nxb5 Nxe4 15.
Bd4 Ng3 16. Re1 Nxe2+ 17. Rxe2 Nc6 18. Bxg7 Kxg7 19. Nbd4 Nd8 20. Qd2 Qc5 21.
Kh2 Rb8 22. Rae1 Rb7 23. g4 Kg8 24. f5 Bc8 25. Rxe7 Rxe7 26. Rxe7 d5 27. Qb4
Qxb4 28. Nxb4 dxc4 29. bxc4 gxf5 30. gxf5 Nb7 31. Rc7 Nd6 32. Nd5 Kg7 33. Ne6+
Bxe6 34. fxe6 Re8 35. e7 a5 36. Rd7 Nf5 37. Rd8 1-0

[Event "BL 1314 SV Mülheim Nord - Werder Bremen"]
[Site "?"]
[Date "2014.02.08"]
[Round "7.8"]
[White "Saltaev, Mihail"]
[Black "Fish, Gennadij"]
[Result "1/2-1/2"]
[WhiteElo "2493"]
[BlackElo "2458"]
[PlyCount "43"]
[EventDate "2014.??.??"]

1. e4 e5 2. Nf3 Nc6 3. Bc4 Nf6 4. d3 Be7 5. O-O O-O 6. Re1 d6 7. a3 Be6 8. Nc3
Nd7 9. Nd5 Nb6 10. Ba2 Qd7 11. c3 Rae8 12. b4 Bd8 13. a4 Bxd5 14. exd5 Ne7 15.
c4 Nxa4 16. Bb3 Nb6 17. Rxa7 c6 18. dxc6 Nxc6 19. Ba4 Nxa4 20. Rxa4 Bb6 21. b5
Nd4 22. Nxd4 1/2-1/2

[Event "BL 1314 SV Wattenscheid - Hamburger SK"]
[Site "?"]
[Date "2014.02.08"]
[Round "7.2"]
[White "Rustemov, Alexander"]
[Black "Van Kampen, Robin"]
[Result "1/2-1/2"]
[WhiteElo "2525"]
[BlackElo "2610"]
[PlyCount "99"]
[EventDate "2014.??.??"]

1. d4 d6 2. e4 Nf6 3. f3 g6 4. Be3 Bg7 5. Qd2 a6 6. Nc3 b5 7. Bh6 Bxh6 8. Qxh6
e5 9. Nge2 Nbd7 10. O-O-O Bb7 11. dxe5 dxe5 12. g3 Qe7 13. Bh3 O-O-O 14. a3 Kb8
15. Bxd7 Nxd7 16. Kb1 f5 17. Nc1 Nb6 18. Rxd8+ Rxd8 19. Nd3 Nc4 20. Re1 Rd6 21.
Qc1 Re6 22. Ka2 fxe4 23. fxe4 Rf6 24. b3 Nb6 25. Qe3 Qd6 26. Qg5 Nd7 27. Kb2
Qd4 28. Rd1 Rc6 29. Qd2 Nf6 30. Nf2 Rxc3 31. Qxc3 Qxf2 32. Rd8+ Bc8 33. Qxe5
Nd7 34. Rxc8+ Kxc8 35. Qe8+ Kb7 36. Qxd7 Qxh2 37. Qd5+ Kb6 38. Qd4+ Kb7 39.
Qd5+ Kb8 40. e5 Qxg3 41. e6 Qe1 42. a4 b4 43. Qd8+ Kb7 44. Qd5+ Kb8 45. Qd8+
Kb7 46. e7 Qe5+ 47. Ka2 Qe4 48. Kb1 Qe1+ 49. Ka2 Qe4 50. Kb1 1/2-1/2

[Event "BL 1314 SV Wattenscheid - Hamburger SK"]
[Site "?"]
[Date "2014.02.08"]
[Round "7.3"]
[White "Ernst, Sipke"]
[Black "Appel, Ralf"]
[Result "1-0"]
[WhiteElo "2575"]
[BlackElo "2527"]
[PlyCount "67"]
[EventDate "2014.??.??"]

1. d4 d5 2. c4 c6 3. Nf3 Nf6 4. Nc3 g6 5. cxd5 cxd5 6. Bf4 Nc6 7. e3 Bg7 8. Be2
O-O 9. O-O Nh5 10. Bg5 h6 11. Bh4 g5 12. Nd2 Nf6 13. Bg3 Bf5 14. Qa4 a6 15.
Rfc1 e6 16. Qd1 Nd7 17. a3 Bg6 18. b4 f5 19. Bd6 Rf7 20. b5 Nf6 21. bxc6 Qxd6
22. cxb7 Rxb7 23. Qa4 Kh7 24. Nd1 Rb6 25. Qc2 Ra7 26. a4 e5 27. dxe5 Qxe5 28.
a5 Rbb7 29. Nf3 Qd6 30. Qc6 Ne4 31. Nd4 Qb4 32. Bf1 f4 33. Ra4 Qe1 34. Nf3 1-0

[Event "BL 1314 SV Wattenscheid - Hamburger SK"]
[Site "?"]
[Date "2014.02.08"]
[Round "7.4"]
[White "Handke, Florian"]
[Black "Kempinski, Robert"]
[Result "1/2-1/2"]
[WhiteElo "2543"]
[BlackElo "2594"]
[PlyCount "103"]
[EventDate "2014.??.??"]

1. d4 Nf6 2. Nf3 g6 3. c4 Bg7 4. Nc3 O-O 5. e4 d6 6. Be2 Na6 7. O-O e5 8. Be3
Ng4 9. Bg5 Qe8 10. h3 Nf6 11. dxe5 dxe5 12. Nd5 Nxe4 13. Be7 c6 14. Bxf8 Qxf8
15. Ne3 Nec5 16. Rb1 Ne6 17. c5 Naxc5 18. b4 Ne4 19. Rc1 Nd4 20. b5 cxb5 21.
Nd5 b4 22. Re1 Be6 23. Nxd4 Bxd5 24. Nb5 Rd8 25. Bf3 a6 26. Qe2 Bh6 27. Rcd1
Nd2 28. Bxd5 Rxd5 29. Nc7 Rc5 30. Rc1 Nf3+ 31. Qxf3 Bxc1 32. Qxb7 a5 33. Rd1
Bg5 34. Rd7 h5 35. g3 h4 36. g4 Rc2 37. Qe4 Qc8 38. Qd5 Qf8 39. Qxe5 Rc1+ 40.
Kg2 Rc5 41. Nd5 Bd8 42. g5 Rc8 43. Rxd8 Qxd8 44. Ne7+ Kh7 45. Nxc8 Qxc8 46.
Qxa5 Qc6+ 47. Kg1 Qc4 48. Kg2 Kg7 49. Qe5+ Kh7 50. Qa5 Qe4+ 51. Kh2 Kg7 52. Qc5
1/2-1/2

[Event "BL 1314 SV Wattenscheid - Hamburger SK"]
[Site "?"]
[Date "2014.02.08"]
[Round "7.5"]
[White "Svane, Rasmus"]
[Black "Hirneise, Tobias"]
[Result "1/2-1/2"]
[WhiteElo "2469"]
[BlackElo "2450"]
[PlyCount "45"]
[EventDate "2014.??.??"]

1. c4 e5 2. g3 Nf6 3. Bg2 c6 4. d4 Bb4+ 5. Bd2 Bxd2+ 6. Qxd2 d6 7. Nc3 O-O 8.
e4 Nbd7 9. Nge2 a6 10. d5 cxd5 11. Nxd5 Nxd5 12. cxd5 Nc5 13. b4 Na4 14. O-O
Bd7 15. Rfc1 Qb6 16. a3 Rfc8 17. h4 Qd8 18. Rab1 Rxc1+ 19. Rxc1 Rc8 20. Nc3 Qc7
21. Na2 Qd8 22. Nc3 Qc7 23. Na2 1/2-1/2

[Event "BL 1314 SV Wattenscheid - Hamburger SK"]
[Site "?"]
[Date "2014.02.08"]
[Round "7.6"]
[White "Straeter, Timo"]
[Black "Ftacnik, Lubomir"]
[Result "0-1"]
[WhiteElo "2334"]
[BlackElo "2536"]
[PlyCount "62"]
[EventDate "2014.??.??"]

1. d4 Nf6 2. Nf3 g6 3. Bg5 Bg7 4. Nbd2 d5 5. c3 O-O 6. e3 Nbd7 7. Be2 b6 8. O-O
Bb7 9. b4 Re8 10. a4 a5 11. Bh4 e5 12. Nb3 exd4 13. exd4 axb4 14. cxb4 Qe7 15.
Bd3 Qxb4 16. Qc2 Ba6 17. Bxa6 Rxa6 18. Bxf6 Nxf6 19. a5 Qc4 20. Qd1 Ne4 21. Re1
Raa8 22. Nbd2 Nxd2 23. Qxd2 Rxe1+ 24. Rxe1 bxa5 25. Qf4 c5 26. h4 Bxd4 27. Ng5
f6 28. Nxh7 Qc3 29. Rc1 Qb2 30. Qh6 Qxf2+ 31. Kh1 Qf5 0-1

[Event "BL 1314 SV Wattenscheid - Hamburger SK"]
[Site "?"]
[Date "2014.02.08"]
[Round "7.7"]
[White "Heinemann, Thies"]
[Black "Thiel, Thomas"]
[Result "1/2-1/2"]
[WhiteElo "2459"]
[BlackElo "2310"]
[PlyCount "150"]
[EventDate "2014.??.??"]

1. e4 c5 2. Nf3 e6 3. d4 cxd4 4. Nxd4 Nf6 5. Nc3 Nc6 6. Ndb5 Bc5 7. Bf4 O-O 8.
Bc7 Qe7 9. Bd6 Bxd6 10. Qxd6 Ne8 11. Qxe7 Nxe7 12. O-O-O f5 13. Nd6 Nxd6 14.
Rxd6 fxe4 15. Nxe4 Nf5 16. Rd2 d5 17. Ng5 h6 18. Nf3 Nd6 19. Bd3 b6 20. Re1 Rf6
21. Rde2 Nf7 22. Re3 Bd7 23. R1e2 Rc8 24. b3 b5 25. Kb2 Kf8 26. Ne5 Nxe5 27.
Rxe5 g5 28. f3 Kg7 29. a3 a5 30. R2e3 b4 31. Re1 Rb8 32. a4 Rb6 33. Kc1 Rf4 34.
Kd2 Kf6 35. R5e3 Ke7 36. g3 Rf8 37. Bf1 Rc6 38. Bd3 Rc3 39. Ke2 Rf6 40. Kf2 Be8
41. g4 Bc6 42. Re5 Kd6 43. Kg2 Rc5 44. h4 gxh4 45. f4 Bd7 46. g5 hxg5 47. fxg5
Rf4 48. g6 Rc8 49. Rh5 Rg8 50. Kh2 Be8 51. Rg1 Rf6 52. Rhg5 Rg7 53. R1g2 e5 54.
Bb5 h3 55. Re2 Rfxg6 56. Rgxe5 Rg2+ 57. Kxh3 Rxe2 58. Rxe2 Bxb5 59. axb5 Kc5
60. Rd2 d4 61. b6 Rd7 62. Kg3 Kxb6 63. Kf3 Kc5 64. Ke2 Rh7 65. Rd3 a4 66. bxa4
Ra7 67. Rh3 Kc4 68. Kd2 Rxa4 69. Rh8 Ra5 70. Rc8+ Rc5 71. Rh8 Rc7 72. Rd8 Rc6
73. Rh8 Rc5 74. Rd8 Rc6 75. Rh8 b3 1/2-1/2

[Event "BL 1314 SV Wattenscheid - Hamburger SK"]
[Site "?"]
[Date "2014.02.08"]
[Round "7.8"]
[White "Wolf, Ulrich"]
[Black "Berger, Steve"]
[Result "0-1"]
[WhiteElo "2076"]
[BlackElo "2418"]
[PlyCount "74"]
[EventDate "2014.??.??"]

1. Nf3 g6 2. c4 Bg7 3. g3 c5 4. Bg2 Nc6 5. O-O e5 6. Nc3 Nge7 7. d3 O-O 8. Rb1
d6 9. a3 a5 10. Nd5 Nxd5 11. cxd5 Ne7 12. e4 a4 13. b4 axb3 14. Qxb3 Ra7 15.
Qb6 Ra6 16. Qxd8 Rxd8 17. Nd2 f5 18. Nc4 fxe4 19. dxe4 b5 20. Ne3 Bd7 21. Bb2
Nc8 22. Bf3 Nb6 23. Bd1 h5 24. Bb3 Re8 25. f3 Bh6 26. Kf2 Na4 27. Bxa4 Rxa4 28.
Rg1 Rf8 29. Ke2 b4 30. axb4 Bb5+ 31. Kf2 Bd3 32. Ra1 Rxb4 33. Ba3 Rb3 34. Bc1
Bxe4 35. f4 exf4 36. gxf4 Bxf4 37. Ke2 Bf3+ 0-1

[Event "BL 1314 SG Turm Trier - SV Griesheim"]
[Site "?"]
[Date "2014.02.08"]
[Round "7.1"]
[White "Tazbir, Marcin"]
[Black "Erdos, Viktor"]
[Result "1/2-1/2"]
[WhiteElo "2537"]
[BlackElo "2656"]
[PlyCount "43"]
[EventDate "2014.??.??"]

1. e4 e5 2. Nf3 Nc6 3. Bb5 Nf6 4. O-O Nxe4 5. Re1 Nd6 6. Nxe5 Be7 7. Bf1 Nxe5
8. Rxe5 O-O 9. d4 Bf6 10. Re1 Re8 11. Rxe8+ Nxe8 12. c3 d5 13. Bf4 c6 14. Nd2
g6 15. Qb3 Ng7 16. Nf3 Qb6 17. Re1 Be6 18. Bg5 Bxg5 19. Nxg5 Qxb3 20. axb3 Re8
21. Nxe6 Nxe6 22. g3 1/2-1/2

[Event "BL 1314 SG Turm Trier - SV Griesheim"]
[Site "?"]
[Date "2014.02.08"]
[Round "7.2"]
[White "Lupulescu, Constantin"]
[Black "Bulski, Krzysztof"]
[Result "1-0"]
[WhiteElo "2636"]
[BlackElo "2545"]
[PlyCount "69"]
[EventDate "2014.??.??"]

1. d4 d5 2. c4 c6 3. Nf3 Nf6 4. Nbd2 e6 5. e3 Nbd7 6. b3 Be7 7. Bb2 O-O 8. Bd3
b6 9. O-O Bb7 10. Qe2 Rc8 11. Rac1 dxc4 12. Nxc4 b5 13. Nce5 Qb6 14. Ng5 h6 15.
Nxd7 Nxd7 16. Ne4 Rfe8 17. Rfd1 f5 18. Nd2 a6 19. a4 Bf8 20. h3 Nf6 21. Nf3
bxa4 22. bxa4 c5 23. dxc5 Bxc5 24. Rb1 Bxf3 25. Qxf3 Qc6 26. Qe2 Ra8 27. Rbc1
Qb6 28. Bxf6 gxf6 29. Bxf5 exf5 30. Qc4+ Kg7 31. Qxc5 Qxc5 32. Rxc5 Kg6 33. Rd6
Red8 34. Rxd8 Rxd8 35. Rc6 1-0

[Event "BL 1314 SG Turm Trier - SV Griesheim"]
[Site "?"]
[Date "2014.02.08"]
[Round "7.3"]
[White "Grabarczyk, Miroslaw"]
[Black "Cyborowski, Lukasz"]
[Result "1/2-1/2"]
[WhiteElo "2473"]
[BlackElo "2524"]
[PlyCount "41"]
[EventDate "2014.??.??"]

1. d4 Nf6 2. c4 g6 3. Nf3 Bg7 4. g3 O-O 5. Bg2 c6 6. Nc3 d5 7. cxd5 cxd5 8. Ne5
e6 9. O-O Nfd7 10. Nf3 Nc6 11. e3 Re8 12. b3 b6 13. Bb2 Ba6 14. Re1 Rc8 15. Bf1
Bxf1 16. Rxf1 a6 17. Rc1 Rc7 18. Ne1 Qc8 19. Nd3 Qb7 20. Ba3 Bf8 21. Bxf8
1/2-1/2

[Event "BL 1314 SG Turm Trier - SV Griesheim"]
[Site "?"]
[Date "2014.02.08"]
[Round "7.4"]
[White "Parligras, Mircea-Emilian"]
[Black "Horvath, Peter"]
[Result "1-0"]
[WhiteElo "2571"]
[BlackElo "2451"]
[PlyCount "103"]
[EventDate "2014.??.??"]

1. d4 d5 2. c4 e6 3. Nf3 Nf6 4. Nc3 Bb4 5. Qa4+ Nc6 6. e3 O-O 7. Qc2 a6 8. a3
Be7 9. b4 dxc4 10. Bxc4 Bd6 11. O-O e5 12. h3 Qe7 13. d5 e4 14. Nxe4 Qxe4 15.
Qxe4 Nxe4 16. dxc6 bxc6 17. Bb2 a5 18. bxa5 Rxa5 19. Rfc1 Bd7 20. Bd3 Nc5 21.
Bc2 Rb8 22. Bc3 Raa8 23. Ne5 Be8 24. Nc4 Nb3 25. Bxb3 Rxb3 26. a4 f6 27. a5 Bg6
28. Be1 Ra6 29. Rd1 c5 30. Ra3 Rb5 31. f3 Kf8 32. e4 Bf7 33. Rc3 Ke7 34. Kf2
Bxc4 35. Rxc4 Be5 36. Rc2 h5 37. Ke2 Bd4 38. Kd3 Kd7 39. Kc4 Rb8 40. Bc3 Ke6
41. Be1 c6 42. f4 h4 43. Ra2 g5 44. fxg5 fxg5 45. Bd2 Ke5 46. Rf1 Kxe4 47. Bc3
Ke5 48. Bxd4+ cxd4 49. Re2+ Kd6 50. Rf6+ Kd7 51. Rf7+ Kd6 52. Rfe7 1-0

[Event "BL 1314 SG Turm Trier - SV Griesheim"]
[Site "?"]
[Date "2014.02.08"]
[Round "7.5"]
[White "Farago, Ivan"]
[Black "Bobras, Piotr"]
[Result "0-1"]
[WhiteElo "2474"]
[BlackElo "2515"]
[PlyCount "50"]
[EventDate "2014.??.??"]

1. d4 Nf6 2. c4 g6 3. Nc3 d5 4. e3 Bg7 5. Qb3 e6 6. Qa3 Nc6 7. Nf3 Ne7 8. Bd2
O-O 9. Be2 dxc4 10. Bxc4 b6 11. O-O Bb7 12. Be2 Ned5 13. Rac1 Nxc3 14. Bxc3 Qd5
15. Bb4 Rfc8 16. Ba6 Ne4 17. Rfd1 Rab8 18. Be7 Bxa6 19. Qxa6 c5 20. dxc5 Qb7
21. Qxb7 Rxb7 22. Bd6 bxc5 23. b3 Nc3 24. Rd2 Rd7 25. b4 Rxd6 0-1